Statistiques concernant Intercommunalités des Pyrénées-Atlantiques

Cliquez ici pour prendre le quiz!

Statistiques générales

  • Ce quiz a été pris 18 fois
  • Le résultat moyen est 5 sur 9

Statistiques - réponses

Nombres de CommunesIntercommunalités% Correct
31Communauté d'agglomération Pau Béarn Pyrénées
100%
158Communauté d'agglomération du Pays Basque
94%
61Communauté de communes de Lacq-Orthez
71%
48Communauté de communes du Haut Béarn
71%
53Communauté de communes du Béarn des Gaves
41%
29 (dont 02 dans les Hautes-Pyrénées)Communauté de communes du Pays de Nay
35%
73Communauté de communes du Nord-Est Béarn
29%
18Communauté de communes de la Vallée d'Ossau
24%
66Communauté de communes des Luys en Béarn
12%

Distribution des résultats

Percentile par nombre de réponses

% des personnes avec chaque résultat

Votre développement - résultats

Vous n’avez pas pris ce quiz